000 03161nam a22002535a 4500
001 00250793
003 ES-MaIEV
008 250401s2025 sp 000 0 spa d
020 _a9788439745297
040 _aES-MaIEV
_beng
_cES-MaIEV
_erda
041 _aSpanish
100 _aCercas, Javier,
_d1962-,
_eauthor.
245 1 3 _aEl loco de Dios en el fin del mundo
_c/ Javier Cercas.
260 _aBarcelona
_bRandom House
_c2025
264 4 _c2025.
300 _a485 pages :
_bphotographs ;
_c23 cm.
490 0 _aBiblioteca Javier Cercas
520 _a«Soy ateo. Soy anticlerical. Soy un laicista militante, un racionalista contumaz, un impío riguroso. Pero aquí me tienen, volando en dirección a Mongolia con el anciano vicario de Cristo en la Tierra, dispuesto a interrogarle sobre la resurrección de la carne y la vida eterna. Para eso me he embarcado en este avión: para preguntarle al papa Francisco si mi madre verá a mi padre más allá de la muerte, y para llevarle a mi madre su respuesta. He aquí un loco sin Dios persiguiendo al loco de Dios hasta el fin del mundo». Este es el arranque fulgurante de este libro único, que nadie había tenido la oportunidad de escribir, entre otras razones porque el Vaticano jamás le había abierto de par en par sus puertas a un escritor. Pero, además de único, este es un libro de plenitud, donde su autor logra convertir una propuesta insólita en un relato propio y magistral: un thriller sobre el mayor misterio de la historia de la Humanidad. Con esta novela sin ficción, Javier Cercas vuelve a su línea más personal, en la que logra enlazar sus obsesiones íntimas con una de las preocupaciones fundamentales de la sociedad actual: el papel en la vida humana de lo espiritual y lo transcendente, el lugar en ella de la religión y el ansia de inmortalidad.
520 _a"I am an atheist. I am anti-clerical. I am a militant secularist, a stubborn rationalist, a rigorous non-believer. And yet here I am, flying to Mongolia with the elderly Vicar of Christ on Earth, ready to ask him about the resurrection of the flesh and eternal life. That’s why I boarded this plane: to ask Pope Francis whether my mother will see my father again beyond death — and to bring her his answer. Here is a godless madman chasing the madman of God to the ends of the earth." This is the dazzling opening to a truly unique book — one that no one else could have written, if only because the Vatican had never before flung open its doors to a writer in this way. But more than unique, this is a work of fullness and depth, in which the author transforms an extraordinary premise into a personal and masterful narrative: a thriller about the greatest mystery in human history. With this work of non-fiction, Javier Cercas returns to his most intimate register, weaving together his private obsessions with one of today’s most pressing concerns: the role of the spiritual and the transcendent in human life, the place of religion, and our longing for immortality.
650 0 _aExistential mystery
_925459
650 0 _aAtheism
_925461
650 0 _aDeath and transcendence
_925460
942 _2lcc
999 _c4746
_d4746